000 00654nam a22002057a 4500
005 20140320121615.0
008 000323s2000 nyua 001 0 eng
020 _a9780764112690
080 _a808.1
100 1 _aGeffner, Andrea B.
245 1 0 _aHow to write better business letters /
_cAndrea B. Geffner.
250 _a3rd ed.
260 _aHauppauge, N.Y. :
_bBarron's,
_cc2000.
300 _aVII, 152 f. :
_bme il. ;
_c28 cm.
500 _a"Excerpted in part from Business English ... by Andrea B. Geffner"--Verso t.p.
500 _aIncludes index.
650 0 _aCommercial correspondence.
650 0 _aKorrespodenca afariste
942 _2udc
_cBK
999 _c432
_d432